000
00259nam a22001217a 4500
008
181204b xxu||||| |||| 00| 0 eng d
041
_a
eng
080
_a
316
100
_a
50
101
_a
SOC
245
_a
Child Care Choices
_c
Zigler, E.F
942
_2
udc
_c
BK
999
_c
52824
_d
52824